Insegne e simboli (Record no. 29855)

MARC details
000 -LEADER
campo de control de longitud fija 00843nam a2200229 i 4500
001 - NÚMERO DE CONTROL
campo de control 29855
003 - IDENTIFICADOR DE NÚMERO DE CONTROL
campo de control ES-MaACL
005 - FECHA Y HORA DE LA ÚLTIMA TRANSACCIÓN
campo de control 20230906154112.0
007 - CAMPO FIJO DE DESCRIPCIÓN FÍSICA--INFORMACIÓN GENERAL
campo de control de longitud fija t|
008 - DATOS DE LONGITUD FIJA--INFORMACIÓN GENERAL
campo de control de longitud fija 030123s1983 it ||||1| ita d
100 1# - ENTRADA PRINCIPAL--NOMBRE DE PERSONA
Nombre de persona Bascape, Giacomo C.
9 (RLIN) 26256
245 10 - MENCIÓN DEL TÍTULO
Título Insegne e simboli
Resto del título : araldica publica e privata medievale e moderna /
Mención de responsabilidad, etc. Giacomo C. Bascapé, Marcello Del Piazzo ; con la cooperazione di Luigi Borgia.
260 ## - PUBLICACIÓN, DISTRIBUCIÓN, ETC.
Lugar de publicación, distribución, etc. Roma :
Nombre del editor, distribuidor, etc. Ministero per i Beni Culturali e Ambientali,
Fecha de publicación, distribución, etc. 1983.
300 ## - DESCRIPCIÓN FÍSICA
Extensión XVI, 1064 p. :
Otras características físicas il. ;
Dimensiones 24 cm.
490 1# - MENCIÓN DE SERIE
Mención de serie Publicazioni degli Archivi di Stato
500 ## - NOTA GENERAL
Nota general Diccionario heráldico: p. 1007-1064.
700 1# - ENTRADA AGREGADA--NOMBRE PERSONAL
Nombre de persona Del Piazzo, Marcello.
9 (RLIN) 43271
700 1# - ENTRADA AGREGADA--NOMBRE PERSONAL
Nombre de persona Borgia, Luigi.
9 (RLIN) 30480
830 0# - PUNTO DE ACCESO ADICIONAL DE SERIE-TÍTULO UNIFORME
Título uniforme Publicazioni degli Archivi di Stato
9 (RLIN) 229311
852 ## - LOCALIZACIÓN
Ubicación ES-MaACL
Número de control de estantería L-12285
Holdings
Estatus retirado Estado de pérdida Estado de daño No para préstamo Biblioteca de origen Biblioteca actual Ubicación en estantería Fecha de adquisición Fuente de adquisición Total de préstamos Signatura topográfica completa Código de barras Visto por última vez Precio de reemplazo Tipo de ítem Koha
        Biblioteca del Ateneo de Madrid Biblioteca del Ateneo de Madrid Depósito 2 17/01/2008     L-12285 1030824 23/02/2023 23/02/2023 Libro impreso